Instrumental´nyj kompleks programmirovanija na osnove jazykov vysokogo urovnja /

Uložené v:
Podrobná bibliografia
Hlavný autor: Levin, David Jakovlevič (Author)
Médium: Kniha
Jazyk:Russian
Vydané: Moskva : Nauka, 1987
Vydanie:1. izd.
Edícia:Problemy iskusstvennogo intellekta
ISBN: (viaz.)
Fyzický popis: 196 s.
Tagy: Pridať tag
Žiadne tagy, Buďte prvý kto otaguje tento záznam!

MARC

LEADER 00000nam a2200000 a 4500
001 000285708
005 20061124115610.0
008 061124s1987 ru e 000 0 ruso
020 |a (viaz.) 
040 |a SVKKK  |b slo  |c SVKKK  |e AACR2 
041 0 |a rus 
044 |a ru  |c RU 
100 1 |a Levin, David Jakovlevič  |4 aut 
245 1 0 |a Instrumental´nyj kompleks programmirovanija na osnove jazykov vysokogo urovnja /  |c David Jakovlevič Levin 
250 |a 1. izd. 
260 |a Moskva :  |b Nauka,  |c 1987 
300 |a 196 s. 
440 0 |a Problemy iskusstvennogo intellekta 
998 |a BK 
090 |g SCKHL  |k Sklad Pribinova 2. posch.  |a III.151260  |j 779703  |i B87138  |4 Zastaraná  |s Vyradená